| 000 | 00878nam a2200253 a 4500 | ||
|---|---|---|---|
| 001 | 45845 | ||
| 003 | BD-RjUL | ||
| 005 | 20211209054057.0 | ||
| 008 | 160728r19561955enk 001 0 eng | ||
| 035 | _a(BD-RjUL)45963 | ||
| 040 |
_aDLC _cINU _dUKM _dEQO _dBD-RjUL _beng |
||
| 041 | _aeng | ||
| 082 |
_a341 _223 _bORC 1956 |
||
| 100 | 1 |
_aOrfield, Lester B. _9140205 |
|
| 245 | 1 | 0 |
_aCases and materials on international law / _cby Lester B. Orfield and Edward D. Re. Published under the auspices of the London Institute of World Affairs. |
| 260 |
_aLondon : _bStevens & Sons, _cc1955 [reprinted 1956] |
||
| 300 |
_axvi, 781 p. ; _c26 cm. |
||
| 490 |
_aLibrary of world affairs, _vno. 31 |
||
| 500 | _aIncludes index. | ||
| 650 | 0 |
_aInternational law _vCases. _9139506 |
|
| 700 | 1 |
_aRe, Edward D. _9140206 |
|
| 830 | 0 |
_aLibrary of world affairs, _vno. 31 _9140209 |
|
| 942 |
_2ddc _cBK |
||
| 999 |
_c45845 _d45845 |
||